[Event "Guernsey Holiday 2013"]
[Site "Guernsey GCI"]
[Date "2013.10.21"]
[Round "2"]
[White "Adrian, Louise"]
[Black "Derrick, Neil"]
[Result "0-1"]
[WhiteElo "1403"]
[BlackElo "1640"]
[PlyCount "58"]
[EventDate "2013.10.20"]
[EventType "swiss"]
[EventRounds "7"]
[SourceDate "2013.12.14"]

1. d4 Nf6 2. c4 e6 3. Nc3 d5 4. Nf3 Nbd7 5. cxd5 exd5 6. Bg5 Be7 7. e3 c6 8.
Bd3 O-O 9. Qc2 Re8 10. O-O-O b5 11. h3 Bb7 12. g4 Ne4 13. h4 c5 14. dxc5 Ndxc5
15. Nxe4 Nxe4 16. Kb1 Rc8 17. Qe2 Qa5 18. Bf4 Qb4 19. Bxe4 Qxe4+ 20. Rd3 b4 21.
Qd1 Ba6 22. Ne5 Bxd3+ 23. Nxd3 Rc4 24. Ka1 Rec8 25. a3 bxa3 26. b3 Rc2 27. f3
Bf6+ 28. Be5 Bxe5+ 29. Kb1 Rb2+ 0-1

[Event "Guernsey Holiday 2013"]
[Site "Guernsey GCI"]
[Date "2013.10.21"]
[Round "2"]
[White "Norman, Dinah M"]
[Black "Jones, Sid A"]
[Result "1-0"]
[WhiteElo "1736"]
[BlackElo "1488"]
[PlyCount "93"]
[EventDate "2013.10.20"]
[EventType "swiss"]
[EventRounds "7"]
[SourceDate "2013.12.14"]

1. d4 d5 2. Nf3 Nf6 3. e3 e6 4. Bd3 Be7 5. Nbd2 O-O 6. c3 Nbd7 7. O-O c5 8. Re1
Qc7 9. e4 dxe4 10. Nxe4 Nxe4 11. Bxe4 Nf6 12. Bc2 Rd8 13. Qe2 Bd7 14. dxc5 Bxc5
15. Bg5 Be7 16. Ne5 Be8 17. Rad1 Nd5 18. Bxe7 Nxe7 19. h3 Rxd1 20. Rxd1 Rd8 21.
Rxd8 Qxd8 22. Qe4 g6 23. Qxb7 Nf5 24. Nf3 Qb6 25. Qxb6 axb6 26. Bxf5 gxf5 27.
Nd4 Kf8 28. f4 Ke7 29. Kf2 Kd6 30. Ke3 h5 31. h4 Bd7 32. g3 Kc5 33. Nf3 f6 34.
b3 b5 35. a3 Bc6 36. Nd2 e5 37. fxe5 fxe5 38. c4 Bb7 39. cxb5 Kxb5 40. Nc4 Bd5
41. Nd6+ Kc6 42. Nxf5 Bxb3 43. Ng7 Bd1 44. Ke4 Kd6 45. Nf5+ Ke6 46. Ne3 Bb3 47.
g4 1-0

[Event "Guernsey Holiday 2013"]
[Site "Guernsey GCI"]
[Date "2013.10.21"]
[Round "2"]
[White "Foran, Barry"]
[Black "Collins, Alan"]
[Result "0-1"]
[WhiteElo "1503"]
[BlackElo "1720"]
[PlyCount "92"]
[EventDate "2013.10.20"]
[EventType "swiss"]
[EventRounds "7"]
[SourceDate "2013.12.14"]

1. d4 f5 2. Bg5 d6 3. Nc3 Nd7 4. e4 fxe4 5. Nxe4 Ndf6 6. Bd3 g6 7. Nf3 Bg7 8.
Qe2 Nxe4 9. Bxe4 Nf6 10. Bd3 O-O 11. O-O-O c6 12. h3 Re8 13. Kb1 Qa5 14. Bd2
Qb6 15. Qe1 Qc7 16. Bc3 Bd7 17. b3 Nd5 18. Bb2 a5 19. c4 Nb4 20. g4 Nxd3 21.
Rxd3 a4 22. b4 e5 23. dxe5 dxe5 24. Qd2 Be6 25. Re1 Rad8 26. Rd1 Rxd3 27. Qxd3
Qf7 28. Ng5 Bxc4 29. Nxf7 Bxd3+ 30. Rxd3 Kxf7 31. Re3 g5 32. Re4 Ke6 33. Kc2 b5
34. Bc1 h6 35. Be3 Rf8 36. Bc5 Rf3 37. h4 gxh4 38. Bd4 h3 39. Re1 Rf4 40. Be3
Rxg4 41. f4 Rg2+ 42. Kb1 exf4 43. Bxf4+ Kf5 44. Bc1 h2 45. Rh1 Be5 46. Rf1+ Kg4
0-1

[Event "Guernsey Holiday 2013"]
[Site "Guernsey GCI"]
[Date "2013.10.21"]
[Round "2"]
[White "Harnden, Terry"]
[Black "Ruigrok, Jacques"]
[Result "0-1"]
[WhiteElo "1527"]
[BlackElo "1683"]
[PlyCount "86"]
[EventDate "2013.10.20"]
[EventType "swiss"]
[EventRounds "7"]
[SourceDate "2013.12.14"]

1. e4 e5 2. Nf3 Nc6 3. Bb5 f5 4. d3 fxe4 5. dxe4 Nf6 6. Nc3 Bb4 7. Bxc6 bxc6 8.
Qd3 Bxc3+ 9. bxc3 Qe7 10. O-O d5 11. exd5 e4 12. Re1 exd3 13. Rxe7+ Kxe7 14.
Ba3+ Kd8 15. Ne5 Re8 16. Nxc6+ Kd7 17. c4 d2 18. Bb4 Re1+ 19. Rxe1 dxe1=Q+ 20.
Bxe1 Ba6 21. Ne5+ Kd6 22. Bc3 Ne4 23. Bb2 Rb8 24. Nd3 Bxc4 25. Ba3+ Kxd5 26.
Nb4+ Rxb4 27. Bxb4 Bxa2 28. Be1 Kc4 29. f3 Nc3 30. Kf1 Bb1 31. Bg3 Nd5 32. Be5
g6 33. c3 a5 34. Ke1 a4 35. Kd1 a3 36. Kc1 Bd3 37. g3 c6 38. f4 Nxc3 39. Kd2
Nd5 40. h3 Be4 41. g4 Kb3 42. h4 a2 43. Kc1 Nc3 0-1

[Event "Guernsey Holiday 2013"]
[Site "Guernsey GCI"]
[Date "2013.10.21"]
[Round "2"]
[White "Bakkes, Frits"]
[Black "Rowe, Oliver"]
[Result "1-0"]
[WhiteElo "1678"]
[BlackElo "1445"]
[PlyCount "83"]
[EventDate "2013.10.20"]
[EventType "swiss"]
[EventRounds "7"]
[SourceDate "2013.12.14"]

1. e4 d5 2. exd5 Qxd5 3. Nc3 Qd6 4. d4 Nf6 5. Bd3 a6 6. Nf3 Bg4 7. O-O Nc6 8.
Ne4 Nxe4 9. Bxe4 f5 10. Bxc6+ Qxc6 11. d5 Qb5 12. a4 Qc4 13. Ra3 O-O-O 14. Rd3
Qxa4 15. b3 Qb5 16. Bf4 e6 17. c4 Bxf3 18. Qxf3 Qd7 19. Rfd1 Be7 20. Re1 g5 21.
Bc1 c6 22. Rde3 cxd5 23. cxd5 Qxd5 24. Qxd5 Rxd5 25. Rxe6 Bb4 26. Rf1 Rhd8 27.
Bxg5 R8d7 28. Re8+ Kc7 29. Rc1+ Kb6 30. Be3+ Kb5 31. g3 Bd2 32. Bxd2 Rxd2 33.
Re5+ Kb4 34. Rxf5 Kxb3 35. Kg2 b5 36. Ra1 R7d6 37. Rf3+ Kc2 38. Rfa3 Rf6 39.
R1a2+ Kc1 40. Rc3+ Kd1 41. Ra1+ Ke2 42. Re3# 1-0

[Event "Guernsey Holiday 2013"]
[Site "Guernsey GCI"]
[Date "2013.10.21"]
[Round "2"]
[White "Kearsley, Raymond J"]
[Black "Kaye, Mike"]
[Result "0-1"]
[WhiteElo "1672"]
[BlackElo "1368"]
[PlyCount "76"]
[EventDate "2013.10.20"]
[EventType "swiss"]
[EventRounds "7"]
[SourceDate "2013.12.14"]

1. e4 c5 2. d4 cxd4 3. c3 d3 4. Nf3 Nc6 5. Bf4 d6 6. h3 e5 7. Be3 Be7 8. Bxd3
Nf6 9. O-O O-O 10. c4 Ne8 11. Nc3 Nc7 12. Nd5 f5 13. exf5 Bxf5 14. Bxf5 Rxf5
15. Qd3 Rf7 16. Nxe7+ Qxe7 17. Ng5 e4 18. Nxe4 h6 19. Nc3 Kh8 20. Rad1 Rd8 21.
Nd5 Qd7 22. f4 b6 23. Qc3 Rf5 24. g4 Rf7 25. b4 Re8 26. b5 Ne7 27. f5 Nexd5 28.
cxd5 Qxb5 29. f6 Nxd5 30. fxg7+ Kg8 31. Qd4 Nxe3 32. Rxf7 Kxf7 33. Qf4+ Kxg7
34. Re1 Qe5 35. Qf3 Qc5 36. Qb7+ Kg8 37. Kh2 Qe5+ 38. Kg1 Qg3+ 0-1

[Event "Guernsey Holiday 2013"]
[Site "Guernsey GCI"]
[Date "2013.10.21"]
[Round "2"]
[White "Van Beek, Ronald"]
[Black "Joyeux, Gerard"]
[Result "1/2-1/2"]
[WhiteElo "1390"]
[BlackElo "1651"]
[PlyCount "55"]
[EventDate "2013.10.20"]
[EventType "swiss"]
[EventRounds "7"]
[SourceDate "2013.12.14"]

1. d4 d5 2. Nf3 c5 3. Bf4 e6 4. e3 Nc6 5. c3 Qb6 6. Qc2 Nf6 7. h3 Bd7 8. Be2
cxd4 9. exd4 Rc8 10. Qb3 Qxb3 11. axb3 a6 12. O-O Be7 13. Nbd2 O-O 14. Rfe1 h6
15. Bd3 Bd8 16. b4 Bc7 17. Bxc7 Rxc7 18. Ne5 Nxe5 19. dxe5 Nh7 20. f4 f6 21.
Nf3 f5 22. Kh2 Re8 23. Nd4 Nf8 24. b5 axb5 25. Bxb5 Bc6 26. Ra7 Rec8 27. Bxc6
bxc6 28. Ra6 1/2-1/2

[Event "Guernsey Holiday 2013"]
[Site "Guernsey GCI"]
[Date "2013.10.21"]
[Round "2"]
[White "Le Maitre, Richard"]
[Black "Dokter, Marike"]
[Result "1/2-1/2"]
[WhiteElo "1423"]
[BlackElo "1552"]
[PlyCount "46"]
[EventDate "2013.10.20"]
[EventType "swiss"]
[EventRounds "7"]
[SourceDate "2013.12.14"]

1. d4 d5 2. c4 c6 3. Nc3 Nf6 4. h3 e6 5. a3 Be7 6. Nf3 O-O 7. Bf4 Nbd7 8. e3
Re8 9. Be2 Nf8 10. O-O Ng6 11. Bh2 Bd6 12. Bxd6 Qxd6 13. c5 Qc7 14. Bd3 e5 15.
Bxg6 exd4 16. exd4 hxg6 17. Re1 Bf5 18. Ne5 Nd7 19. Nxd7 Qxd7 20. Qf3 Qc7 21.
b4 Re7 22. Rxe7 Qxe7 23. Qe3 Re8 1/2-1/2

[Event "Guernsey Holiday 2013"]
[Site "Guernsey GCI"]
[Date "2013.10.21"]
[Round "2"]
[White "Baart, Edwin"]
[Black "Jones, Tim"]
[Result "1-0"]
[WhiteElo "1681"]
[BlackElo "1456"]
[PlyCount "79"]
[EventDate "2013.10.20"]
[EventType "swiss"]
[EventRounds "7"]
[SourceDate "2013.12.14"]

1. d4 d5 2. Nf3 e6 3. c4 c6 4. Nc3 h6 5. e3 Nf6 6. Be2 Be7 7. O-O Nbd7 8. Qc2
O-O 9. b3 Re8 10. Bb2 Nf8 11. Ne5 Bd7 12. f4 Bd6 13. Rf3 N6h7 14. Rg3 f5 15.
Rf1 Re7 16. Bh5 Be8 17. Qe2 Bxe5 18. fxe5 Bxh5 19. Qxh5 Kh8 20. Ba3 Qe8 21. Qe2
Rf7 22. cxd5 cxd5 23. Nb5 Qd8 24. Qh5 Rd7 25. Nd6 Rc8 26. Nf7+ Rxf7 27. Qxf7
Rc7 28. Qh5 Qd7 29. Qd1 Qf7 30. Bd6 Rc6 31. Rgf3 Ng5 32. R3f2 Ne4 33. Rc2 Nxd6
34. Rxc6 bxc6 35. exd6 Qd7 36. Qc2 Qxd6 37. Rc1 f4 38. Qxc6 Qxc6 39. Rxc6 fxe3
40. Kf1 1-0

[Event "Guernsey Holiday 2013"]
[Site "Guernsey GCI"]
[Date "2013.10.21"]
[Round "2"]
[White "Jongerius, Marc"]
[Black "Bennett, David"]
[Result "1-0"]
[WhiteElo "1642"]
[BlackElo "1392"]
[PlyCount "105"]
[EventDate "2013.10.20"]
[EventType "swiss"]
[EventRounds "7"]
[SourceDate "2013.12.14"]

1. e4 e6 2. d4 c5 3. Nf3 cxd4 4. Nxd4 e5 5. Nf5 g6 6. Nd6+ Bxd6 7. Qxd6 Qe7 8.
Qxe7+ Nxe7 9. Bg5 Nbc6 10. Nc3 O-O 11. Bc4 a6 12. a4 b6 13. O-O Ra7 14. b4 d6
15. b5 Na5 16. Bxe7 Rxe7 17. Nd5 Ra7 18. Ba2 Kg7 19. Rfd1 Be6 20. Nxb6 Bxa2 21.
Rxa2 Rd8 22. Rb2 Nb7 23. bxa6 Nc5 24. f3 Rxa6 25. a5 Rxa5 26. Nc4 Raa8 27. Rb6
Ra2 28. Ne3 Ra6 29. Rxa6 Nxa6 30. c3 Nc7 31. Nc4 Nb5 32. Nxe5 Nxc3 33. Rd3 Ne2+
34. Kf2 Nf4 35. Rd2 d5 36. g3 Ne6 37. Rxd5 f6 38. Nc6 Rxd5 39. exd5 Nc5 40. Ke3
Nb7 41. Kd4 f5 42. Ke5 Kf7 43. d6 Nc5 44. Nb8 Nb7 45. Kd5 Nd8 46. Nc6 Ke8 47.
Nxd8 Kxd8 48. Ke6 Ke8 49. f4 Kd8 50. h4 h6 51. Kf6 g5 52. hxg5 hxg5 53. fxg5
1-0

[Event "Guernsey Holiday 2013"]
[Site "Guernsey GCI"]
[Date "2013.10.21"]
[Round "2"]
[White "Cook, Chris"]
[Black "Newrick, William R"]
[Result "1-0"]
[WhiteElo "1600"]
[BlackElo "1392"]
[PlyCount "53"]
[EventDate "2013.10.20"]
[EventType "swiss"]
[EventRounds "7"]
[SourceDate "2013.12.14"]

1. f4 d5 2. Nf3 Nf6 3. e3 Bg4 4. d4 e6 5. Bd3 Nc6 6. c3 Be7 7. Nbd2 O-O 8. Qc2
g6 9. O-O Bf5 10. e4 dxe4 11. Nxe4 Nxe4 12. Bxe4 Bxe4 13. Qxe4 Qd5 14. Qe2 Rfe8
15. b3 Rad8 16. Bb2 Bf6 17. Rad1 Qh5 18. h3 Ne7 19. Kh2 Qa5 20. Ba1 Nd5 21. Qd2
b5 22. b4 Qb6 23. g4 Qd6 24. Ne5 Nxf4 25. Qxf4 Bxe5 26. Qxe5 Qxe5+ 27. dxe5 1-0

[Event "Guernsey Holiday 2013"]
[Site "Guernsey GCI"]
[Date "2013.10.21"]
[Round "2"]
[White "Goman, Colin"]
[Black "Adrian, Lucien"]
[Result "1-0"]
[WhiteElo "1556"]
[BlackElo "1383"]
[PlyCount "119"]
[EventDate "2013.10.20"]
[EventType "swiss"]
[EventRounds "7"]
[SourceDate "2013.12.14"]

1. d4 e6 2. e4 d5 3. Nd2 Nc6 4. c3 dxe4 5. Nxe4 Nf6 6. Bg5 Be7 7. Nxf6+ Bxf6 8.
Bxf6 Qxf6 9. Qf3 Qh6 10. Bb5 Bd7 11. Ne2 O-O 12. O-O e5 13. d5 Nb8 14. Bxd7
Nxd7 15. Ng3 Nf6 16. Nf5 Qf4 17. Qxf4 exf4 18. c4 a6 19. Rfe1 Rfe8 20. f3 b5
21. b3 bxc4 22. bxc4 Rab8 23. Rxe8+ Rxe8 24. Kf2 g6 25. Nd4 Re3 26. Rc1 g5 27.
g3 Ra3 28. Rc2 Nd7 29. gxf4 gxf4 30. Re2 Rc3 31. Re4 Rxc4 32. Rxf4 Ra4 33. Rg4+
Kf8 34. Ne6+ fxe6 35. Rxa4 Nc5 36. Rc4 Nd3+ 37. Ke3 Ne5 38. Rxc7 exd5 39. Rxh7
Nc4+ 40. Kd4 Nd2 41. f4 Kg8 42. Ra7 Nf3+ 43. Kxd5 Nxh2 44. Rxa6 Ng4 45. Rg6+
Kf8 46. Rxg4 Ke8 47. Kd6 Kf7 48. f5 Kf6 49. Rf4 Kg7 50. a3 Kf6 51. a4 Kg7 52.
a5 Kf8 53. a6 Kf7 54. a7 Kf6 55. a8=Q Kf7 56. Qd5+ Kf6 57. Qe6+ Kg5 58. Rf1 Kg4
59. Qg8+ Kh3 60. Rh1# 1-0

[Event "Guernsey Holiday 2013"]
[Site "Guernsey GCI"]
[Date "2013.10.21"]
[Round "2"]
[White "Adrian, Leopold"]
[Black "Kay, Robert"]
[Result "0-1"]
[WhiteElo "1333"]
[BlackElo "1528"]
[PlyCount "130"]
[EventDate "2013.10.20"]
[EventType "swiss"]
[EventRounds "7"]
[SourceDate "2013.12.14"]

1. e4 e6 2. d4 d5 3. e5 c5 4. Nf3 Nc6 5. Bd3 cxd4 6. O-O Bc5 7. Nbd2 Nge7 8.
Nb3 Bb6 9. Bf4 O-O 10. Bxh7+ Kh8 11. Bd3 Ng6 12. Bg3 Bd7 13. Nfxd4 Qg5 14. Nxc6
Bxc6 15. Re1 Ne7 16. h4 Qh6 17. Qg4 f5 18. Qh3 Rf7 19. Kh1 f4 20. Bh2 Bxf2 21.
Rf1 Bxh4 22. Nd4 Bd7 23. Qg4 g5 24. Kg1 Raf8 25. Rad1 Nc6 26. Nxc6 bxc6 27. b4
Kg7 28. c4 Rb8 29. a3 Rff8 30. Bxf4 Be8 31. Be3 Bh5 32. Qxh4 gxh4 33. Bxh6+
Kxh6 34. Rxf8 Rxf8 35. Rf1 Rxf1+ 36. Kxf1 Kg5 37. b5 cxb5 38. cxb5 Kf4 39. a4
Kxe5 40. a5 Be8 41. b6 axb6 42. a6 Bc6 43. a7 Kd4 44. Ba6 Kc3 45. Bc8 e5 46.
Bd7 Ba8 47. Kf2 d4 48. Kg1 d3 49. Kh2 d2 50. Ba4 b5 51. Bd1 b4 52. Kh3 b3 53.
Bxb3 Kxb3 54. Kxh4 d1=Q 55. g4 Qd4 56. Kh5 Qxa7 57. g5 Qh7+ 58. Kg4 Qg6 59. Kh4
Kc3 60. Kg4 Kd4 61. Kh4 Ke4 62. Kg4 Ke3 63. Kh4 Kf4 64. Kh3 Qxg5 65. Kh2 Qg2#
0-1

[Event "Guernsey Holiday 2013"]
[Site "Guernsey GCI"]
[Date "2013.10.21"]
[Round "2"]
[White "Day, Frederick"]
[Black "Le Messurier, Rosemary"]
[Result "1/2-1/2"]
[WhiteElo "1512"]
[BlackElo "1210"]
[PlyCount "72"]
[EventDate "2013.10.20"]
[EventType "swiss"]
[EventRounds "7"]
[SourceDate "2013.12.14"]

1. c4 e5 2. Nc3 Nc6 3. g3 g6 4. Bg2 Nge7 5. d3 b6 6. e4 Bb7 7. Nge2 Bg7 8. O-O
a5 9. a3 O-O 10. b3 f5 11. exf5 Nxf5 12. Ra2 Nd6 13. Nd5 Nd4 14. Nxd4 exd4 15.
Ne7+ Qxe7 16. Re2 Be5 17. Bxb7 Nxb7 18. f4 d6 19. Rfe1 Rf5 20. fxe5 dxe5 21.
Re4 c5 22. Qe2 Qf6 23. Qg2 Rf8 24. R4e2 Nd6 25. Bh6 Rf7 26. Qa8+ Rf8 27. Bxf8
Qxf8 28. Qd5+ Kg7 29. Qg2 Qf6 30. Rf2 h5 31. Ref1 Qg5 32. Rf3 Rxf3 33. Rxf3 Nf5
34. h4 Qg4 35. Kh2 Ne3 36. Qf2 Nf5 1/2-1/2

[Event "Guernsey Holiday 2013"]
[Site "Guernsey GCI"]
[Date "2013.10.21"]
[Round "2"]
[White "Brown, Jim"]
[Black "Svenneling, Matz"]
[Result "0-1"]
[WhiteElo "1168"]
[BlackElo "1504"]
[PlyCount "48"]
[EventDate "2013.10.20"]
[EventType "swiss"]
[EventRounds "7"]
[SourceDate "2013.12.14"]

1. Nf3 Nf6 2. d4 c5 3. c3 e6 4. e3 d5 5. Nbd2 Nbd7 6. Be2 Bd6 7. O-O Qc7 8. h3
b6 9. b3 Bb7 10. Ba3 h6 11. Rc1 g5 12. Re1 g4 13. Ne5 gxh3 14. g3 Nxe5 15. dxe5
Bxe5 16. Nf1 Ne4 17. f4 Bxc3 18. Bb2 Bxb2 19. Rc2 Bc3 20. Rxc3 Nxc3 21. Qd2
Nxe2+ 22. Rxe2 Qc6 23. Rh2 O-O-O 24. Rxh3 d4 0-1

[Event "Guernsey Holiday 2013"]
[Site "Guernsey GCI"]
[Date "2013.10.22"]
[Round "3"]
[White "Stanners, Michael"]
[Black "Van Hoek, Wim"]
[Result "1/2-1/2"]
[WhiteElo "1640"]
[BlackElo "1700"]
[PlyCount "77"]
[EventDate "2013.10.20"]
[EventType "swiss"]
[EventRounds "7"]
[SourceDate "2013.12.14"]

1. d4 f5 2. Bg5 g6 3. Nc3 d5 4. e3 Bg7 5. Nge2 Nf6 6. Bxf6 Bxf6 7. Nf4 e6 8.
Nce2 Qe7 9. Nd3 Nd7 10. f4 Bg7 11. Ng1 c5 12. c3 c4 13. Ne5 Nf6 14. Ngf3 Ne4
15. Be2 O-O 16. O-O g5 17. Nd2 Bxe5 18. fxe5 Bd7 19. Qe1 b5 20. Nxe4 fxe4 21.
Qg3 Rxf1+ 22. Rxf1 Rf8 23. Bg4 Rxf1+ 24. Kxf1 Qf7+ 25. Ke2 h5 26. Bh3 Qg7 27.
Bg4 hxg4 28. Qxg4 Qg6 29. Qh3 Be8 30. g4 Kg7 31. Qg3 Qf7 32. Qf2 a5 33. Qxf7+
Kxf7 34. a3 b4 35. axb4 axb4 36. Kf2 Ba4 37. Kg3 bxc3 38. bxc3 Bd1 39. h3
1/2-1/2

[Event "Guernsey Holiday 2013"]
[Site "Guernsey GCI"]
[Date "2013.10.22"]
[Round "3"]
[White "Derrick, Neil"]
[Black "O'Connell, Dennis"]
[Result "1/2-1/2"]
[WhiteElo "1640"]
[BlackElo "1488"]
[PlyCount "55"]
[EventDate "2013.10.20"]
[EventType "swiss"]
[EventRounds "7"]
[SourceDate "2013.12.14"]

1. d4 d5 2. c4 e5 3. dxe5 d4 4. Nf3 Nc6 5. g3 Nge7 6. Bg2 Ng6 7. O-O Ngxe5 8.
Nxe5 Nxe5 9. Qb3 Be7 10. Nd2 O-O 11. Nf3 Nc6 12. a3 a5 13. Qd3 a4 14. Rd1 Bf6
15. Qc2 Qe7 16. e3 dxe3 17. Bxe3 Be6 18. Nd4 Nxd4 19. Bxd4 c6 20. Qc3 Bxd4 21.
Rxd4 Qc5 22. Rad1 h6 23. Qd3 Bf5 24. Be4 Be6 25. Qe2 Kh8 26. Qe3 Qa5 27. Rd6
Qe5 28. R6d4 1/2-1/2

[Event "Guernsey Holiday 2013"]
[Site "Guernsey GCI"]
[Date "2013.10.22"]
[Round "3"]
[White "Haisma, Henk"]
[Black "Hoogakker, Peter"]
[Result "1/2-1/2"]
[WhiteElo "1606"]
[BlackElo "1763"]
[PlyCount "61"]
[EventDate "2013.10.20"]
[EventType "swiss"]
[EventRounds "7"]
[SourceDate "2013.12.14"]

1. b4 e5 2. Bb2 Bxb4 3. Bxe5 Nf6 4. c4 Nc6 5. Bb2 O-O 6. Nf3 d5 7. e3 Bg4 8.
Be2 dxc4 9. a3 Ba5 10. Bxc4 Qd6 11. Be2 Rad8 12. Nc3 Bxc3 13. Bxc3 Ne4 14. Qc2
Bf5 15. Qb2 Nxc3 16. Qxc3 Bd3 17. Bxd3 Qxd3 18. Qxd3 Rxd3 19. Ke2 Rfd8 20. Rhb1
Na5 21. Nd4 R3xd4 22. exd4 Rxd4 23. d3 b6 24. Rb4 Rd7 25. Rc1 Kf8 26. d4 Ke7
27. Rc3 Kd6 28. Rb5 Nc6 29. Kd3 Ne7 30. Ke4 f5+ 31. Kf3 1/2-1/2

[Event "Guernsey Holiday 2013"]
[Site "Guernsey GCI"]
[Date "2013.10.22"]
[Round "3"]
[White "Kershaw, Graham J"]
[Black "Bakkes, Frits"]
[Result "1-0"]
[WhiteElo "1736"]
[BlackElo "1678"]
[PlyCount "97"]
[EventDate "2013.10.20"]
[EventType "swiss"]
[EventRounds "7"]
[SourceDate "2013.12.14"]

1. e4 Nf6 2. e5 Nd5 3. d4 d6 4. c4 Nb6 5. Nf3 Bg4 6. exd6 cxd6 7. h3 Bxf3 8.
Qxf3 Nc6 9. Be3 g6 10. Nc3 Bg7 11. Qd1 O-O 12. Be2 d5 13. c5 Nc4 14. Bxc4 dxc4
15. d5 Nb4 16. O-O Bxc3 17. bxc3 Nxd5 18. Bh6 Re8 19. Qd4 Nf6 20. Qxc4 Rc8 21.
Rad1 Qc7 22. Be3 b6 23. Rb1 Nd7 24. h4 Nxc5 25. h5 Ne6 26. Qh4 Qxc3 27. hxg6
hxg6 28. Rb3 Qf6 29. Qg4 Qf5 30. Qh4 Ng7 31. Bc1 Qh5 32. Qe4 Rc5 33. Rh3 Qe5
34. Qh4 f6 35. Bh6 g5 36. Qa4 Ra5 37. Qb3+ Qe6 38. Qd3 Qf7 39. f4 gxf4 40. Rxf4
Rh5 41. Rg4 Rxh3 42. Qxh3 Qxa2 43. Rxg7+ Kh8 44. Rg3 Qb1+ 45. Kh2 Qh7 46. Rg4
e5 47. Rh4 Qc7 48. Be3+ Kg8 49. Rh8+ 1-0

[Event "Guernsey Holiday 2013"]
[Site "Guernsey GCI"]
[Date "2013.10.22"]
[Round "3"]
[White "Beadle, John"]
[Black "Norman, Dinah M"]
[Result "1/2-1/2"]
[WhiteElo "1624"]
[BlackElo "1736"]
[PlyCount "29"]
[EventDate "2013.10.20"]
[EventType "swiss"]
[EventRounds "7"]
[SourceDate "2013.12.14"]

1. e4 c6 2. d4 d5 3. Nc3 dxe4 4. Nxe4 Nd7 5. Nf3 Ngf6 6. Bd3 Nxe4 7. Bxe4 Nf6
8. Qd3 Nxe4 9. Qxe4 Qd5 10. Qxd5 cxd5 11. Bf4 Bf5 12. c3 e6 13. O-O Be7 14.
Rfe1 Rc8 15. Rac1 1/2-1/2

[Event "Guernsey Holiday 2013"]
[Site "Guernsey GCI"]
[Date "2013.10.22"]
[Round "3"]
[White "Collins, Alan"]
[Black "Roberts, Malcolm A"]
[Result "1/2-1/2"]
[WhiteElo "1720"]
[BlackElo "1608"]
[PlyCount "35"]
[EventDate "2013.10.20"]
[EventType "swiss"]
[EventRounds "7"]
[SourceDate "2013.12.14"]

1. d4 d5 2. Nf3 Nf6 3. b3 e6 4. Bb2 Bd6 5. e3 Nbd7 6. Bd3 b6 7. Nbd2 Bb7 8. O-O
O-O 9. Re1 Rc8 10. e4 dxe4 11. Nxe4 Nxe4 12. Bxe4 Bxe4 13. Rxe4 Nf6 14. Re2 c6
15. Qd3 Qc7 16. g3 h6 17. Rae1 Rfe8 18. Ne5 1/2-1/2

[Event "Guernsey Holiday 2013"]
[Site "Guernsey GCI"]
[Date "2013.10.22"]
[Round "3"]
[White "Borland, Tom"]
[Black "Savident, David"]
[Result "1/2-1/2"]
[WhiteElo "1615"]
[BlackElo "1714"]
[PlyCount "69"]
[EventDate "2013.10.20"]
[EventType "swiss"]
[EventRounds "7"]
[SourceDate "2013.12.14"]

1. d4 Nf6 2. Bf4 g6 3. e3 Bg7 4. Nf3 d6 5. c3 b6 6. Bd3 Bb7 7. Nbd2 Nbd7 8. Qe2
c5 9. O-O O-O 10. e4 Nh5 11. Be3 cxd4 12. cxd4 Rc8 13. Rac1 Rxc1 14. Rxc1 Qb8
15. Nf1 Rc8 16. Rxc8+ Qxc8 17. Qc2 Qxc2 18. Bxc2 Nhf6 19. N3d2 Ng4 20. h3 Nxe3
21. fxe3 Ba6 22. Kf2 Bh6 23. Bd1 Nf6 24. Be2 Bxe2 25. Kxe2 Kf8 26. Kd3 Nd7 27.
Kc4 e6 28. Kb5 Nb8 29. a4 Ke7 30. a5 bxa5 31. Kxa5 Kd7 32. b4 Nc6+ 33. Ka4 Kc7
34. b5 Nb8 35. Ka5 1/2-1/2

[Event "Guernsey Holiday 2013"]
[Site "Guernsey GCI"]
[Date "2013.10.22"]
[Round "3"]
[White "Glover, John"]
[Black "Kaye, Mike"]
[Result "1/2-1/2"]
[WhiteElo "1712"]
[BlackElo "1368"]
[PlyCount "66"]
[EventDate "2013.10.20"]
[EventType "swiss"]
[EventRounds "7"]
[SourceDate "2013.12.14"]

1. Nf3 d5 2. c4 c6 3. g3 Nd7 4. d4 Ngf6 5. Bg2 e6 6. O-O Bd6 7. b3 O-O 8. Ba3
Bxa3 9. Nxa3 Re8 10. Nc2 h6 11. Nce1 Nf8 12. Nd3 Ng6 13. c5 Re7 14. b4 a6 15.
a4 Bd7 16. Qc2 Qc7 17. e3 Rae8 18. Rfb1 Bc8 19. b5 cxb5 20. axb5 axb5 21. Rxb5
Nd7 22. Qb2 Nb8 23. Nde5 Nxe5 24. Nxe5 Nc6 25. Nxc6 bxc6 26. Rb6 Bd7 27. Rb7
Qd8 28. Raa7 Bc8 29. Rxe7 Rxe7 30. Qb6 Qxb6 31. cxb6 Rxa7 32. bxa7 Bb7 33. Kf1
Kf8 1/2-1/2

[Event "Guernsey Holiday 2013"]
[Site "Guernsey GCI"]
[Date "2013.10.22"]
[Round "3"]
[White "Ruigrok, Jacques"]
[Black "Finch, Russell"]
[Result "1/2-1/2"]
[WhiteElo "1683"]
[BlackElo "1606"]
[PlyCount "80"]
[EventDate "2013.10.20"]
[EventType "swiss"]
[EventRounds "7"]
[SourceDate "2013.12.14"]

1. e4 c5 2. d4 cxd4 3. c3 dxc3 4. Nxc3 Nc6 5. Nf3 d6 6. Bc4 e6 7. O-O Nf6 8.
Qe2 Be7 9. Rd1 Bd7 10. Bf4 e5 11. Bg5 Be6 12. Bb5 Nd7 13. Bxe7 Kxe7 14. Qd2 Qc7
15. Nd5+ Bxd5 16. exd5 Ncb8 17. Rac1 Qb6 18. Ba4 Nc5 19. Qg5+ Kf8 20. Qf5 Nba6
21. Ng5 f6 22. Ne6+ Nxe6 23. Qxe6 Nc5 24. Rxc5 Qxc5 25. Qd7 Rc8 26. Bc6 Ra8 27.
Qxb7 Rd8 28. Qb3 Qb6 29. Rd3 Rb8 30. Qa3 Ke7 31. Rd2 Rhc8 32. Qh3 Qd8 33. Qxh7
Qg8 34. Qf5 Rb7 35. f4 Rbc7 36. fxe5 fxe5 37. Qg5+ Kf8 38. Qg6 Ke7 39. Qg5+ Kf8
40. Qg6 Ke7 1/2-1/2

[Event "Guernsey Holiday 2013"]
[Site "Guernsey GCI"]
[Date "2013.10.22"]
[Round "3"]
[White "Keuneke, Hanno"]
[Black "Le Maitre, Richard"]
[Result "1-0"]
[WhiteElo "1767"]
[BlackElo "1423"]
[PlyCount "103"]
[EventDate "2013.10.20"]
[EventType "swiss"]
[EventRounds "7"]
[SourceDate "2013.12.14"]

1. e4 c5 2. Nf3 d6 3. d4 cxd4 4. Nxd4 a6 5. c4 Nf6 6. Nc3 Nc6 7. Be2 g6 8. Be3
Bg7 9. O-O O-O 10. Qd2 Re8 11. f3 Bd7 12. b3 Nxd4 13. Bxd4 Bc6 14. Rad1 Qc7 15.
Nd5 Bxd5 16. exd5 Rac8 17. Rfe1 Qd7 18. Qb2 Rb8 19. Bd3 Nh5 20. Bxg7 Nxg7 21.
Re4 Qc7 22. Rde1 Qc5+ 23. Kh1 Qc7 24. b4 b6 25. Qe2 Rb7 26. c5 bxc5 27. Bxa6
Rxb4 28. Rxb4 cxb4 29. Bb5 Rc8 30. g4 Kf8 31. Qe4 Rb8 32. Qxb4 Qb6 33. a4 Qf2
34. Qe4 Qh4 35. Rc1 Qf6 36. Rc7 Qa1+ 37. Kg2 Qb2+ 38. Kg3 Qf6 39. Qf4 Qxf4+ 40.
Kxf4 e5+ 41. Kg5 Kg8 42. Bc6 Rf8 43. a5 f6+ 44. Kh6 Rf7 45. Rxf7 Kxf7 46. a6 f5
47. a7 fxg4 48. fxg4 Ne8 49. Bxe8+ Kxe8 50. a8=Q+ Ke7 51. Qc8 e4 52. Qe6+ 1-0

[Event "Guernsey Holiday 2013"]
[Site "Guernsey GCI"]
[Date "2013.10.22"]
[Round "3"]
[White "Dokter, Marike"]
[Black "Baart, Edwin"]
[Result "0-1"]
[WhiteElo "1552"]
[BlackElo "1681"]
[PlyCount "62"]
[EventDate "2013.10.20"]
[EventType "swiss"]
[EventRounds "7"]
[SourceDate "2013.12.14"]

1. e4 e5 2. Nf3 Nc6 3. Bb5 a6 4. Ba4 Nf6 5. O-O Be7 6. Re1 b5 7. Bb3 d6 8. c3
Na5 9. Bc2 c5 10. d3 O-O 11. h3 Bb7 12. Nbd2 Nc6 13. Nf1 b4 14. Ng3 h6 15. d4
exd4 16. cxd4 Qc7 17. Bf4 Nxd4 18. Nxd4 cxd4 19. Rc1 Qb6 20. Nf5 Rfe8 21. Nxd4
Rac8 22. Nf5 Bf8 23. e5 dxe5 24. Rxe5 Rxe5 25. Bxe5 Qe6 26. Bxf6 Qxf6 27. Qd3
g6 28. Ne3 Qxb2 29. Rb1 Qc3 30. Qd7 Qc6 31. Qd4 Bc5 0-1